00821nam a2200205 a 4500008004100000020001500041050002300056100002300079245009000102260003700192300002300229350000900252490004500261650003200306650002900338710001500367995008600382999001700468952013000485120416s1992 ||||||||||||||||| || u a0821320556 aIBRD(06)RSS/1992/1 aGriffin, Charles C10aHealth care in Asia: a comparative study of cost and financingcBy Charles C. Griffin aWashington D.CbWorld Bankc1992 axvii, 226p. : ill. a0.00 aWorld Bank Regional and Sectoral Studies aMEDICAL CARE, COST OF--ASIA aMEDICAL--ECONOMICS--ASIA aWorld Bank D0.00FCBU-MAIN LIBRARY (Kitwe)H1I0.00M1UAVAILABLEZInternational Publications c45415d45415 00102lcc4070a001b001cInternational Publicationsd2022-11-30l0oIBRD(06)RSS/1992/1p024972r2022-11-30w2022-11-30y002